000 00319nam a2200121Ia 4500
008 190216s9999||||xx |||||||||||||| ||und||
100 _aFrancis Cherunilam
245 0 _aBusiness Policy And Strategic Management Text And Cases
260 _bHimalaya Publishing House
300 _a341
650 _aCommerce
942 _cBK
999 _c7379
_d7379